| 000 | 01571nam a2200373 c 4500 | ||
|---|---|---|---|
| 003 | BLK | ||
| 005 | 20241029153921.0 | ||
| 008 | 180411b bul|||||r ||||||| ||bul|| | ||
| 010 | _aKNG00204556000 | ||
| 020 |
_a978-954-26-1617-7 _bиздат.: Хермес |
||
| 040 | _aBLK | ||
| 041 |
_aBUL _cBUL |
||
| 072 | 7 |
_2bullib _aН20 _xРелигия. Теология Н |
|
| 080 |
_aБудизъм. Ламаизъм. Джайнизъм. Подразделя се като 291 _b294.3 _x _z294.3 |
||
| 100 | 1 |
_aТик Нят Хан _eпърви автор _9339905 |
|
| 700 | 1 |
_aМичев, Ангелин Димитров _998175 |
|
| 139 |
_aТик Нят Хан _bТ 54 |
||
| 245 | 1 | 0 |
_aСърцето на будисткото учение _bКак да трансформираме страданието в мир, радост и освобождение _cТик Нят Хан; прев. от англ. Ангелин Димитров Мичев. |
| 257 | _aVIE | ||
| 260 |
_аПловдив _bХермес _c2016 _fСофия : Алианс Принт |
||
| 300 |
_a320 с. _bс табл., сх. _c20 см |
||
| 380 | _a2 | ||
| 490 | 1 | _aСерия Феникс | |
| 500 | _aОриг. загл. The heart of the Buddha's teaching / Tich Nhat Hanh | ||
| 650 | 4 |
_aБудизъм _9149253 |
|
| 653 | _aбудизъм | ||
| 659 | _aН | ||
| 852 | _aЦб 285031 | ||
| 856 | 4 |
_qpdf _u |
|
| 856 | 4 |
_qpdf _u |
|
| 942 |
_cKNG _n0 |
||
| 944 |
_aCR _c05.04.2017 _k30560 _lГеновева Генчева |
||
| 944 |
_aED _c20.06.2017 _kВиолета_Тройчева |
||
| 999 |
_c195307 _d195307 |
||